Score 0/14 Timer 02:00
0 Plays Today
Hint Answer % Correct
JMAJam
98.2%
SUPRYSyrup
96.6%
RTUTBEButter
96.3%
HOALETCCO SHICPChocolate Chips
95.8%
PNATEU RUTETBPeanut Butter
95.4%
OENHYHoney
95.4%
PIEDHPW REMACWhipped Cream
90.9%
Hint Answer % Correct
AANSABNBananas
87.3%
BESTSIRRAWREStrawberries
86.1%
RBUEIEELSBRBlueberries
77.7%
EEWOPRDD GSURAPowdered Sugar
76.1%
ABEEIPRRRSSRaspberries
63.9%
SNAPCEPecans
56.9%
ANLTLUENutella
34.1%

You're not logged in!

Compare scores with friends on all Sporcle quizzes.
OR
Log In

Sporcle TV

Today on Sporcle TV


Watch our educational content, quiz creation guides, and fun videos on Sporcle TV.

Show Comments

Extras

Top Quizzes Today


Score Distribution

Paid Content

Your Account Isn't Verified!

In order to create a playlist on Sporcle, you need to verify the email address you used during registration. Go to your Sporcle Settings to finish the process.

Report this User

Report this user for behavior that violates our Community Guidelines.

Details: